Trump, Qingqi let you make a lot of money

Bibliographic Details
Other Authors: Trump, Donald J ...[et al.]
Format: Book
Published: Taiwan : Tech Press Inc , 2006
Subjects:

MARC

LEADER 00000cam a2200000 7i4500
001 0000022616
005 20080807.0
008 080731
020 |a 9861248455 
090 0 0 |a 658.15   |b TRU 
245 1 0 |a Trump, Qingqi let you make a lot of money 
260 |a Taiwan :   |b Tech Press Inc ,   |c 2006 
650 0 |a Business   |x Finance 
700 1 |a Trump, Donald J ...[et al.] 
999 |a 0001031869   |b Book   |c Chinese Collection   |e Perbadanan Perpustakaan Awam Johor